000 00514nam a22001217a 4500
999 _c9737
_d9737
003 OSt
008 201203b ||||| |||| 00| 0 eng d
245 _aUdyog Pragati The Journal for Practising managers
250 _a2013(Jan-Mar Vol.37 No.1, Apr-Jun Vol.37 No.2, Jul-Sep Vol.37 No.3, Oct-Dec Vol.37 No.4) 2014(Jan-Mar Vol.38 No.1, Apr-Jun Vol.38 No.2, Jul-Sep Vol.38 No.3, Oct-Dec Vol.38 No.4)
260 _aMumbai
_bNational Institute of Industrial Engineering
650 _aMechanical Engineering
942 _2ddc
_cBV